| 000 | 00793cam a22002411 4500 | ||
|---|---|---|---|
| 001 | ne 63001688 | ||
| 003 | DLC | ||
| 005 | 20260227111749.0 | ||
| 008 | 900718s1962 ua ab b 000 0 ararc | ||
| 010 | _ane 63001688 | ||
| 025 | _aPL480:UAR-2941 | ||
| 035 | _a(OCoLC)22096546 | ||
| 040 |
_aPrinceton Univ. Libr _cWaU _dWaU _dDLC |
||
| 042 | _apremarc | ||
| 043 | _af-ti--- | ||
| 050 | 0 | 0 |
_aDT269.G3 _bM3 |
| 100 | 1 | _aMarzūqī, Muḥammad. | |
| 245 | 1 | 0 |
_aQābis, _bjannat al-dunyā, ghābatuhā, khalījuhā, madīnatuhā, sukkānuhā, tārīkhuhā, rijāluhā. _c[Tal̓īf] Muḥammad al-Marzūqī. |
| 260 |
_aMiṣr, _bMaktabat al-Khānjī _c[1962] |
||
| 300 |
_a12, 308 p. _billus., fold. maps. _c24 cm. |
||
| 504 | _aBibliography: p.[281]-283. | ||
| 651 | 0 |
_aQābis (Tunisia) _xHistory. |
|
| 999 |
_c46199 _d46199 |
||